О полиномах наименее уклоняющихся от нуля, коэффициенты которых удовлетворяют двум линейным зависимостям: вып. 2; Труды Среднеазиатского Государственного Университета им. В. Л. Ленина

Xehetasun bibliografikoak
Parent link:Труды Среднеазиатского Государственного Университета им. В. Л. Ленина/ Министерство высшего образования СССР, Среднеазиатский Госуниверситет. О полиномах наименее уклоняющихся от нуля, коэффициенты которых удовлетворяют двум линейным зависимостям.— , 1950-1967
Egile nagusia: Гребенюк Д.
Hizkuntza:errusiera
Argitaratua: Ташкент, Изд-во САГУ, 1929
Saila:Серия V-а. Математика
Gaiak:
Formatua: MixedMaterials Liburua
KOHA link:https://koha.lib.tpu.ru/cgi-bin/koha/opac-detail.pl?biblionumber=175622

MARC

LEADER 00000nam2a2200000 4500
001 175622
005 20241205144915.0
035 |a (RuTPU)RU\TPU\book\190414 
035 |a RU\TPU\book\190406 
090 |a 175622 
100 |a 20100216d1929 k y0rusy50 ca 
101 0 |a rus 
102 |a RU 
105 |a y z 001yy 
200 0 |a О полиномах наименее уклоняющихся от нуля, коэффициенты которых удовлетворяют двум линейным зависимостям  |e вып. 2  |f Д. Гребенюк 
210 |a Ташкент  |c Изд-во САГУ  |d 1929 
215 |a 52 с. 
225 1 |a Серия V-а. Математика 
320 |a Библиогр. в тексте 
461 0 |0 (RuTPU)RU\TPU\book\22548  |t Труды Среднеазиатского Государственного Университета им. В. Л. Ленина  |f Министерство высшего образования СССР, Среднеазиатский Госуниверситет  |v О полиномах наименее уклоняющихся от нуля, коэффициенты которых удовлетворяют двум линейным зависимостям  |d 1950-1967 
610 1 |a математика 
610 1 |a теория 
610 1 |a полиномы 
610 1 |a линейная зависимость 
610 1 |a вычисления 
675 |a 51  |v 3 
700 1 |a Гребенюк  |b Д. 
801 1 |a RU  |b 63413507  |c 20100210 
801 2 |a RU  |b 63413507  |c 20130906  |g RCR 
942 |c BK